| 000 | 00000nam 2200000zi 4500 |
| 001 | 9.897868 |
| 003 | CaOODSP |
| 005 | 20230712101053 |
| 006 | m o d f |
| 007 | cr cn||||||||| |
| 008 | 210324t20212021abc o f000 0 fre d |
| 020 | |a9780660380797 |
| 040 | |aCaOODSP|bfre|erda|cCaOODSP |
| 043 | |an-cn--- |
| 086 | 1 |aNE23-208/2021F-PDF |
| 245 | 00|aMesures de recherche annuelle sur l'opinion publique de 2021 : |brapport final / |cproduit pour la Régie de l'énergie du Canada. |
| 264 | 1|a[Calgary] : |bRégie de l'énergie du Canada = Canada Energy Regulator, |c2021. |
| 264 | 4|c©2021 |
| 300 | |a1 ressource en ligne (iv, 58 pages) + |erésumé (iv pages) |
| 336 | |atexte|btxt|2rdacontent/fre |
| 337 | |ainformatique|bc|2rdamedia/fre |
| 338 | |aressource en ligne|bcr|2rdacarrier/fre |
| 500 | |aPublié aussi en anglais sous le titre : Annual public opinion research measures 2021: final report. |
| 500 | |a« Nom du fournisseur : Environics Research. » |
| 500 | |a« Numéro de contrat : 84084-20133/002/CY. » |
| 500 | |a« Numéro d'enregistrement : POR 099-20. » |
| 500 | |a« Mars 2021. » |
| 500 | |aPublié aussi en format HTML. |
| 520 | |a« La Régie a commandé sa deuxième étude de suivi annuelle au début de 2021. Elle planifie de s'en servir afin de suivre l'opinion des Canadiens quant à sa transparence, et pour voir si l'information qu'elle produit fait connaître son travail et ses processus de réglementation et suscite la confiance. La Régie se servira des résultats du sondage pour améliorer son programme de communication et l'aligner complètement sur la politique de communication du gouvernement du Canada » -- Résumé, page i. |
| 610 | 26|aRégie de l'énergie du Canada|xOpinion publique. |
| 650 | 6|aOpinion publique|zCanada. |
| 710 | 2 |aRégie de l'énergie du Canada, |eorganisme de publication. |
| 710 | 2 |aEnvironics Research Group, |econsultant. |
| 775 | 08|tAnnual public opinion research measures 2021 : |w(CaOODSP)9.897864 |
| 794 | |tMesures de recherche annuelle sur l'opinion publique de 2022 : |w(CaOODSP)9.912543 |
| 795 | |tMesures de recherche annuelle sur l'opinion publique de 2020 : |w(CaOODSP)9.885638 |
| 856 | 40|qPDF|s1.02 Mo|uhttps://publications.gc.ca/collections/collection_2021/rec-cer/NE23-208-2021-fra.pdf|z(Rapport final) |
| 856 | 40|qPDF|s325 Ko|uhttps://publications.gc.ca/collections/collection_2021/rec-cer/NE23-208-2021-1-fra.pdf|z(Résumé) |